Southville International School and Colleges
Your cart is empty.
  • Cart
  • Lists
    Public lists Eva Luna New books Lux_list list_1
    Your lists Log in to create your own lists
  • Log in to your account
  • Your cookies
  • Search history
Southville International School and Colleges
  • Advanced search
  • Recent comments
  • Most popular
  • Libraries

Log in to your account

Log in with GOOGLE


If you do not have an external account, but do have a local account, you can still log in:

  1. Home
  2. MARC view: The case of the perfect prank /
Normal view MARC view ISBD view

The case of the perfect prank / (Record no. 34552)

[ view plain ]
MARC details
000 -LEADER
fixed length control field 01634cam a22003853a 4500
001 - CONTROL NUMBER
control field 13811892
003 - CONTROL NUMBER IDENTIFIER
control field OSt
005 - DATE AND TIME OF LATEST TRANSACTION
control field 20140408101446.0
008 - FIXED-LENGTH DATA ELEMENTS--GENERAL INFORMATION
fixed length control field 041210s2004 nyua j 000 0 eng d
010 ## - LIBRARY OF CONGRESS CONTROL NUMBER
LC control number 2004558604
020 ## - INTERNATIONAL STANDARD BOOK NUMBER
International Standard Book Number 0439559960 (pbk.)
024 31 - OTHER STANDARD IDENTIFIER
Standard number or code 978043955996
035 ## - SYSTEM CONTROL NUMBER
System control number (OCoLC)ocm54958210
040 ## - CATALOGING SOURCE
Original cataloging agency OCO
Transcribing agency OCO
Modifying agency OCLCQ
-- XY4
-- BAKER
-- DLC
050 00 - LIBRARY OF CONGRESS CALL NUMBER
Classification number PZ 7
Item number .P924Cas 2004
100 1# - MAIN ENTRY--PERSONAL NAME
Personal name Preller, James.
9 (RLIN) 6900
245 14 - TITLE STATEMENT
Title The case of the perfect prank /
Statement of responsibility, etc by James Preller ; illustrated by Jamie Smith ; cover illustration by R.W. Alley.
260 ## - PUBLICATION, DISTRIBUTION, ETC. (IMPRINT)
Place of publication, distribution, etc New York :
Name of publisher, distributor, etc Scholastic Inc.,
Date of publication, distribution, etc c2004.
300 ## - PHYSICAL DESCRIPTION
Extent 66 p. :
Other physical details ill. ;
Dimensions 20 cm.
490 1# - SERIES STATEMENT
Series statement Jigsaw Jones mystery ;
Volume number/sequential designation #23
500 ## - GENERAL NOTE
General note "A Little Apple paperback."
520 ## - SUMMARY, ETC.
Summary, etc Jigsaw's brothers love to play practical jokes. But Jigsaw does not have time for games. He has a big case to solve. Danika's kitty has been cat-napped. Can Jigsaw solve the mystery? Or will the cat burglar have the last laugh?
521 ## - TARGET AUDIENCE NOTE
Target audience note
526 ## - STUDY PROGRAM INFORMATION NOTE
Reading level 480
562 ## - COPY AND VERSION IDENTIFICATION NOTE
Number of copies For circulation. 2 copy available in the collection
650 #1 - SUBJECT ADDED ENTRY--TOPICAL TERM
Topical term or geographic name as entry element Mystery and detective stories.
9 (RLIN) 3790
700 1# - ADDED ENTRY--PERSONAL NAME
Personal name Smith, Jamie.
9 (RLIN) 22887
700 1# - ADDED ENTRY--PERSONAL NAME
Personal name Alley, R. W.
Fuller form of name (Robert W.)
9 (RLIN) 27875
800 1# - SERIES ADDED ENTRY--PERSONAL NAME
Personal name Preller, James.
Title of a work Jigsaw Jones mystery ;
Volume/sequential designation #23.
9 (RLIN) 27876
906 ## - LOCAL DATA ELEMENT F, LDF (RLIN)
a 7
b cbc
c copycat
d 2
e ncip
f 20
g y-gencatlg
942 ## - ADDED ENTRY ELEMENTS (KOHA)
Source of classification or shelving scheme Library of Congress Classification
Koha item type Books
Holdings
Withdrawn status Lost status Source of classification or shelving scheme Damaged status Home library Current library Shelving location Date acquired Total Checkouts Full call number Barcode Date last seen Copy number Price effective from Koha item type
    Library of Congress Classification   Luxembourg Library Luxembourg Library Scholastic Reading Center Section 10/10/2013   PZ 7 .P924Cas 2004 LEX2168 04/18/2017 1 10/10/2013 Books
    Library of Congress Classification   Luxembourg Library Luxembourg Library Scholastic Reading Center Section 10/10/2013   PZ 7 .P924Per 2004 LEX2167 04/18/2017 2 10/10/2013 Books

The case of the perfect prank /

APA

Preller J., Smith J. & Alley R. W. (2004). The case of the perfect prank. New York: Scholastic Inc.

Chicago

Preller James, Smith Jamie and Alley R W. 2004. The case of the perfect prank. New York: Scholastic Inc.

Harvard

Preller J., Smith J. and Alley R. W. (2004). The case of the perfect prank. New York: Scholastic Inc.

MLA

Preller James, Smith Jamie and Alley R W. The case of the perfect prank. New York: Scholastic Inc. 2004.

  • Place hold
  • Print
  • Cite
  • Add to your cart (remove)
  • Save record
    BIBTEX Dublin Core MARCXML MARC (non-Unicode/MARC-8) MARC (Unicode/UTF-8) MARC (Unicode/UTF-8, Standard) MODS (XML) RIS
  • More searches
    Search for this title in:
    Other Libraries (WorldCat) Other Databases (Google Scholar) Online Stores (Bookfinder.com) Open Library (openlibrary.org)

Exporting to Dublin Core...

SOUTHVILLE LIBRARY

Southville International School and Colleges Library

1281 Tropical Ave. Cor. Luxembourg St., BF Homes International, Las Pinas City

Tel. No. 8256374 / 252358 Loc. 117/146

Powered by Koha